• 首页
  • 本馆介绍
  • 公告通知
  • 最新文献
  • 馆藏检索
  • 电子资源
  • 读者导购
  • 参考咨询
  • 我的图书馆
  • 登录
  • 详细信息显示
  • 放入我的书架
  • 预约/预借图书
  • 作者相关作品
  • 分类相关作品
  • 丛书相关作品
  • 出版社相关作品

书目信息

  • 表格格式
  • 工作单格式
  • 卡片格式
题名:
清洁生产与ISO14000
    
 
作者: 张利民 编著
分册:  
出版信息: 北京   中国环境科学出版社  2003
页数: 334页
开本: 21cm
丛书名: 环境保护知识丛书
单 册:
中图分类: X383
科图分类:
主题词: 无污染工艺--质量管理体系--国际标准--基本知识 , 无污染工艺 , 质量管理体系
电子资源:
ISBN: 7-80163-516-7
000 00953oam2 2200277 450
001 002422045
005 20061101112359.53
010    @a7-80163-516-7@dCNY15.00
100    @a20030801d2003 em y0chiy0110 ea
101 0  @achi
102    @aCN@b110000
105    @ay z 000yy
200 1  @a清洁生产与ISO14000@9qing jie sheng chan yu ISO14000@f张利民等编著
210    @a北京@c中国环境科学出版社@d2003
215    @a334页@d21cm
225 2  @a环境保护知识丛书@f刘青松主编
330    @a本书全面地阐述了清洁生产审核,ISO14000环境管理系列标准基本知识,ISO14000环境管理体系的建立与认证等方面内容。
410  0 @12001 @a环境保护知识丛书@1701 0@a刘青松@Aliu qing song@4主编
461  0 @12001 @a环境保护知识丛书
606 0  @a无污染工艺@x质量管理体系@x国际标准@x基本知识
606 0  @a无污染工艺
606 0  @a质量管理体系
690    @aX383@v4
701  0 @a张利民@9zhang li min@c(环境科学)@4编著
801  0 @aCN@bNLC@c20061101
905    @a10447@dX383@e35
    
    清洁生产与ISO14000/张利民等编著.-北京:中国环境科学出版社,2003
    334页;21cm.-(环境保护知识丛书/刘青松主编)
    
    
    ISBN 7-80163-516-7:CNY15.00
    本书全面地阐述了清洁生产审核,ISO14000环境管理系列标准基本知识,ISO14000环境管理体系的建立与认证等方面内容。
●
相关链接 在E读中查询图书 在五车中查询图书 在当当中查询图书 在豆瓣中查询图书


正题名:清洁生产与ISO14000     索取号:X383/35         预约/预借

序号 登录号 条形码 馆藏地/架位号 状态 备注
1 0387640   203876403   第二样本阅览室/ [索取号:X383/35] 在馆    
2 0387641   203876412   第三借阅区/ [索取号:X383/35] 在馆    
3 0387642   203876421   第三借阅区/ [索取号:X383/35] 在馆    
4 0387643   203876430   第三借阅区/ [索取号:X383/35] 在馆    
5 0387644   203876449   第三借阅区/ [索取号:X383/35] 在馆    
唐山师范学院图书馆 欢迎您!
大连网信软件有限公司© 版权所有